Loading...
Science - Biology | 2 | 3 | 1 | 0 | 55 | 15 | 65.20 | 5 | 5 |
Science - Physics | 1 | 3 | 1 | 1 | 40 | 51 | 93.25 | 3 | 4 |
History - World History | 0 | 2 | 0 | 0 | 20 | 66 | 80.00 | 0 | 0 |
Social Science | 0 | 2 | 0 | 1 | 20 | 87 | 103.50 | 0 | 2 |
Literature - European Literature | 1 | 0 | 0 | 0 | 15 | 57 | 57.00 | 0 | 1 |
Current Events | 0 | 1 | 0 | 0 | 10 | 124 | 124.00 | 0 | 1 |
History - Ancient History | 0 | 1 | 0 | 0 | 10 | 137 | 137.00 | 0 | 1 |
Science - Other Science | 0 | 2 | 2 | 1 | 10 | 127 | 129.00 | 0 | 1 |
Science - Chemistry | 0 | 2 | 3 | 1 | 5 | 83 | 101.00 | 0 | 2 |
History - American History | 0 | 1 | 1 | 1 | 5 | 133 | 133.00 | 0 | 0 |
History - Other History | 0 | 0 | 1 | 0 | -5 | 0.00 | 0 | 0 | |
History - European History | 0 | 0 | 1 | 0 | -5 | 0.00 | 0 | 0 | |
Literature - American Literature | 0 | 0 | 1 | 0 | -5 | 0.00 | 0 | 0 |